000 00565nam a22002057a 4500
003 0
005 20251108101855.0
008 251108b xxu||||| |||| 00| 0 eng d
020 _a0-06-109461-7
050 _aPS 3554.A342
_b.D35 1996
100 _aDailey, Janet,
_eauthor.
245 _aNotorious /
_cJanet Dailey.
260 _aNew York, NY :
_bHarper Collins Publishers,
_c1996.
300 _a377 pages ;
_c18 cm.
650 _aFamily life
_xFiction.
650 _aLove stories.
650 _aRomance fiction.
650 _aWomen
_xFiction.
942 _2lcc
_cBK
999 _c368537
_d368537